1832 1203 1277 1205 1004 1285 1973 1633 1266 1218 1062 1079 1553 1699 1403 1497 1018 1831 1356 1149 1328 1271 1748 1636 1957 1009 1323 1307 1321 1453 1950 1958 1649 1265 1825 1365 1849 1454 1541 1609 1945 1517 1708 1143 1831 1752 1546 1750 1499 1199 1428 1477 1201 1872 1022 1239 1099 1235 1581 1836 1976 1192 1298 1716 1957 1120 1480 1660 1530 1423 1012 1520 1420 1921 1133 1413 1344 1630 1548 1439 1262 1889 1157 1424 1080 1240 1511 1206 1514 1932 1883 1757 1951 1868 1734 1002 1866 1739 1440 BCNSPRNW ULIB Ver.6.0+V

เปลี่ยนเป็นภาษาไทย

Change to English
 แสดงรายละเอียดบรรณานุกรม
  กลับหน้าหลัก

Brief Record : Get Marc (ISO 2709) : E-mail record : QR code < ปิดหน้าต่าง
LEADER : 00000nam 2200000uu 4500
001    13399113408
003     ULIB
008    020711s2553 th a 000 0 tha d
020    ^a9786167205298
099    ^aนว.ม551ล 2553 ล.2
100    ^aมาอายะ
245    ^aเล่ห์รักมาเฟีย1 /^cมาอายะ
250    ^aพิมพ์ครั้งที่ 1
260    ^aเม็ดทรายพริ้นติ้ง :^bกรุงเทพฯ,^c2553
300    ^a269 หน้า
945    ^p218^l0^i028077
995    ทศพร
999 ^a ทศพร
รายการนี้ยังไม่มีแท็ก
คุณยังไม่ได้ล็อกอิน คุณสามารถมีกิจกรรมร่วมกับเว็บไซต์ได้ แต่ต้องล็อกอินก่อน ::
  ล็อกอิน

รายการสื่อสารสนเทศ

ลำดับที่ ประเภท เลขเรียก/บาร์โค้ด สถานที่ สถานะ
1. นวนิยาย
นวนิยาย
นว.ม551ล 2553 ล.2 ฉ.1 
  Barcode: 028077
ห้องสมุดวิทยาเขตสวรรค์ประชารักษ์
►นวนิยาย
บนชั้น
  ขอยืม

รายการใกล้เคียง
    ผู้แต่ง [มาอายะ]

BibComment


ยังไม่เคยถูกคอมเมนท์

คอมเมนท์ทรัพยากรรายการนี้
  คอมเมนท์: เล่ห์รักมาเฟีย1 ..


 Copyright 2026. Bcnsprnw @Library